Hottest/Coldest Capitals in Summer/Winter - Statistics

General Stats
  • This quiz has been taken 36 times
  • The average score is 23 of 38
Answer Stats
Answer % Correct
Helsinki
96%
Moscow
92%
Oslo
92%
Tallinn
92%
Ulaanbaatar
88%
Astana
84%
Beijing
84%
Ottawa
84%
Reykjavík
84%
Vilnius
84%
Minsk
80%
Pyongyang
76%
Wellington
72%
Abu Dhabi
68%
Dublin
68%
Baghdad
64%
Doha
64%
Riyadh
64%
Kuwait City
60%
La Paz
60%
Bogotá
56%
Copenhagen
56%
Khartoum
56%
Muscat
56%
Kuala Lumpur
52%
Manama
52%
Quito
52%
Malé
40%
Niamey
40%
South Tarawa
40%
Yaren
40%
Bandar Seri Begawan
36%
Funafuti
36%
Majuro
36%
Ngerulmud
36%
Palikir
36%
Djibouti City
24%
Colombo
20%
No matching quizzes found
Score Distribution
Percent of People with Each Score
Percentile by Number Answered
Your Score History
You have not taken this quiz